El inquilino = The Lodger : A Story of the London Fog /

El tercero de los 56 largometrajes dirigidos por Hitchcock fue la primera adaptación –todavía silente- de The Lodger (1913), novela de la autora inglesa Marie Adelaide Belloc Lowndes (1868-1947), quien a su vez se había inspirado en los asesinatos perpetrados en 1888 por Jack el Destripador. La fami...

Celý popis

Uloženo v:
Podrobná bibliografie
Hlavní autor: Hitchcock, Alfred (realización)
Další autoři: Stannard, Elliot (guión) (guión), Hitchcock, Alfred (guión) (guión), Ventimiglia, Gaetano di (fotógrafo) (fotógrafo), Young, Hal (fotógrafo) (fotógrafo), Montagu, Ivor (montaje) (montaje), Novello, Ivor (actuación) (actuación), Ault, Marie (actuación) (actuación), Chesney, Arthur (actuación) (actuación)
Médium: Video
Jazyk:angličtina
Vydáno: Londres, Inglaterra : Gainsborough Pictures, 1926
Vydání:Versión sonorizada
Edice:(Hitchcock Maestro del Suspenso)
Témata:
Tagy: Přidat tag
Žádné tagy, Buďte první, kdo vytvoří štítek k tomuto záznamu!

MARC

LEADER 00000ngm^a2200000^a^4500
001 000312030
005 20250521000000.0
009 20260310113104.104
037 |a Acervo ITESO - Biblioteca 
041 |a ING 
082 |a 820.  |b HIT 
100 |a Hitchcock, Alfred  |e (realización) 
240 1 4 |a [El vengador, de Hitchcock] 
245 1 3 |a El inquilino =  |b The Lodger : A Story of the London Fog /  |c Realización de A. Hitchcock. 
246 2 |a Título en México: El vengador [video] 
250 |a Versión sonorizada 
264 1 |a Londres, Inglaterra :  |b Gainsborough Pictures,  |c 1926 
264 2 |a México :  |b Zima Entertainment [distribución],  |c copyright fecha no identificada 
300 |a 1 DVD regiones 1 y 4  |c (90 min.) 
336 |a imagen móvil bidimensional  |b tdi  |2 rdacontenido 
337 |a video  |b v  |2 rdamedio 
338 |a videodisco  |b vd  |2 rdasoporte 
440 1 |a (Hitchcock Maestro del Suspenso) 
500 |a Basado en: The Lodger, de Marie Belloc Lowndes 
520 |a El tercero de los 56 largometrajes dirigidos por Hitchcock fue la primera adaptación –todavía silente- de The Lodger (1913), novela de la autora inglesa Marie Adelaide Belloc Lowndes (1868-1947), quien a su vez se había inspirado en los asesinatos perpetrados en 1888 por Jack el Destripador. La familia propietaria de una casa de huéspedes sospecha que su nuevo inquilino es el asesino en serie que mata mujeres jóvenes rubias los martes por la noche. Su hija, modelo rubia y joven, se siente atraída por el huésped y pese al peligro, acepta salir con él una noche de martes. El propio director, quien contó con un guión de su compatriota Eliot Stannard (1888-1944), la considera como su primera "Hitchcock Movie" y supuso también el primero de sus célebres "cameos" o apariciones incidentales en sus propias películas. La novela de Lowndes ha sido objeto de adaptaciones ulteriores en la producción británica The Lodger (Maurice Elvery, 1932) y las norteamericanas Jack el Destripador (John Braham, 1941) y The Lodger (David Ondaatje, 2009) y la ópera The Lodger (1960), compuesta por la inglesa Phyllis Tate. Han sido identificadas, cuando menos, seis duraciones diferentes de la película y el Fondo de Material Audiovisual de la Biblioteca del ITESO cuenta con dos versiones diferentes: un corte de 71 minutos bajo el título El vengador, en formato de videocasete VHS, y esta presentación musicalizada de 90 minutos con el título El inquilino, en formato DVD. La película ha sido exhibida posteriormente en la Cineteca Nacional de México con el nombre de El inquilino. 
520 |a Suplementos y características especiales: 1) Galería animada con 22 fotografías de la película (2 min.); 2) Pantalla de texto con sinopsis del filme y 3) Pantallas de texto con filmografía de Alfred Hitchcock y referencias filmográficas de los intérpretes Marie Ault (1870-1951), Arthur Chesney (1882-1949), June Tripp (1901-1985), Malcolm Keen (1887-1970) e Ivor Novello (1893-1951). 
545 0 |a Alfred Hitchcock, nacido en Londres en 1899 y muerto en Los Angeles en 1980, ha sido muy probablemente el director de cine más conocido por los públicos masivos de todo el mundo, que le identifican como el amo del suspenso. Hitchcock desarrolla una carrera fílmica que se extiende durante más de medio siglo (1920-1976), atraviesa el cine mudo y la primera década de cine sonoro en Inglaterra y a partir de su emigración a Estados Unidos en 1940, uno de los períodos más fructíferos del cine norteamericano. Asesinato (1930), El número 17 (1932), El hombre que sabía demasiado (1934), El agente secreto (1936), Rebeca (1940), Náufragos (1943), La sombra de una duda (1942), La soga (1948), Pacto siniestro (1951), Mi secreto me condena (1953), Con M de muerte (1954), La ventana indiscreta (1954), El hombre equivocado (1956), Vértigo/De entre los muertos (1958), Intriga internacional (1959), Psicosis (1960) y Los pájaros (1963) son algunos de los títulos emblemáticos de una filmografía formada por sólidas narraciones, dirigidas impecablemente, en las que Hitchcock dota de densidad y fascinación al género policíaco y expresa un interés particular por el inocente injustamente acusado. Su legado comprende además El cine según Hitchcock, serie de conversaciones sostenidas con su colega francés François Truffaut, que ha devenido un libro modelo para estudios similares que han sido realizados posteriormente sobre otros directores de cine. 
546 |a Intertítulos en inglés, con subtítulos opcionales: español 
649 |a XX 
650 |a Asesinos en Serie en el Cine 
650 |a Películas de Suspenso y Terror 
650 |a Cine Expresionista 
650 |a Cine Mudo -  |z Inglaterra 
650 |a Cine en Blanco y Negro -  |z Inglaterra 
650 |a Cine Inglés -  |y 1920-1929 
650 |a Cine Inglés -  |y Siglo XX 
650 |a Novela Inglesa -  |x Adaptaciones para Cine 
650 |a Literatura Inglesa -  |y Siglo XX -  |x Adaptaciones para Cine 
650 |a Literatura y Cine 
650 |a Inocencia (Derecho) 
650 |a Culpa (Derecho) 
650 |a Asesinato 
700 |a Stannard, Elliot  |e (guión) 
700 |a Hitchcock, Alfred  |e (guión) 
700 |a Ventimiglia, Gaetano di  |e (fotógrafo) 
700 |a Young, Hal  |e (fotógrafo) 
700 |a Montagu, Ivor  |e (montaje) 
700 |a Novello, Ivor  |e (actuación) 
700 |a Ault, Marie  |e (actuación) 
700 |a Chesney, Arthur  |e (actuación) 
910 |a Fondo General 
920 |a Audiovisuales - DVDs 
940 |a Películas 
905 |a 302 
901 |a 0500183631  |b IT2  |c DVS  |i C117183  |u 20250521 
902 |a https://opac.biblio.iteso.mx/vufind/Record/000312030